000 00592nam a2200157 a 4500
001 000033689
005 20200930070438.0
008 110906s1892 xxuc 000 0 spa d
040 _aDO-SdBNP
_bspa
_cBNPHU
082 _axxx
_bC726w
100 1 _aColumbus, Christopher
_914770
245 1 0 _aWritings of Christopher Columbus :
_bdescriptive of the discovery and occupation of the New World /
_cedited, with an introduction, by Paul Leicester Ford.
260 _aNew York :
_bC.L. Webster & Co.,
_c1892.
300 _a255 p. :
_bretr., ;
_c19 cm.
700 1 _aFord, Paul Leicester,
_d1865-1902
_959143
999 _c33180
_d33180